Statystyki dla 15 krajów o największej liczbie zgonów Covid19 - 17 listopada 2021

Kliknij tutaj aby rozwiązać quiz!

Ogólne statystyki

  • Ten quiz został rozwiązany 14 razy
  • Średni wynik to 8 z 26

Statystyki odpowiedzi

kraj% Poprawnych
Stany Zjednoczone
100%
Brazylia
58%
Francja
58%
Indie
58%
Meksyk
58%
Niemcy
58%
Indonezja
50%
Rosja
50%
Wielka Brytania
50%
Włochy
42%
Argentyna
33%
Republika
Południowej Afryki
33%
Czechy
25%
Peru
25%
Chorwacja
17%
Iran
17%
Kolumbia
17%
Rumunia
17%
Słowenia
17%
Bośnia i Hercegowina
8%
Bułgaria
8%
Litwa
8%
Macedonia Północna
8%
Słowacja
8%
Węgry
8%
Gruzja
0%

Rozkład punktacji

Percentyl według liczby udzielonych odpowiedzi

Procent ludzi z każdym wynikiem

Twoja historia wyników

Nie rozwiązałeś tego quizu